|
|
|
|
| LEADER |
01171nam a2200229 a 4500 |
| 008 |
091018s2002 ii b 001 0 eng d |
| 082 |
0 |
0 |
|a 346.5403
|2 21
|
| 100 |
1 |
|
|a Gandhi, B. M.
|
| 245 |
1 |
0 |
|a Law of torts : with law of statutory compensation and consumer protection /
|c B. M. Gandhi.
|
| 250 |
|
|
|a 2nd ed.
|
| 260 |
|
|
|a Lucknow, India :
|b Eastern Book Co.,
|c 2002.
|
| 300 |
|
|
|a xllii, 403 p. ;
|c 25 cm.
|
| 504 |
|
|
|a Includes bibliographical references and index.
|
| 541 |
1 |
|
|e 00012574
|
| 650 |
|
0 |
|a Torts
|z India.
|
| 650 |
|
0 |
|a Torts.
|
| 852 |
4 |
|
|a Ayesha Abed Library
|j General shelf
|
| 942 |
0 |
0 |
|0 3
|
| 999 |
|
|
|c 4885
|d 4885
|
| 952 |
|
|
|0 0
|1 0
|2 ddc
|4 0
|6 346_540300000000000_GAN
|7 0
|9 4706
|a BRACUL
|b BRACUL
|c GEN
|d 2009-10-27
|g 240.00
|l 21
|m 98
|o 346.5403 GAN
|p 3010012574
|r 2023-10-25
|s 2023-10-16
|t 2
|v 480.00
|w 2009-10-27
|y BK
|
| 952 |
|
|
|0 0
|1 0
|2 ddc
|4 0
|6 346_540300000000000_GAN
|7 0
|9 9479
|a BRACUL
|b BRACUL
|c GEN
|d 2010-04-27
|g 240.00
|l 27
|m 174
|o 346.5403 GAN
|p 3010012572
|r 2026-03-01
|s 2026-02-22
|t 1
|w 2010-04-27
|y BK
|
| 952 |
|
|
|0 0
|1 0
|2 ddc
|4 0
|6 346_540300000000000_GAN
|7 0
|9 13074
|a BRACUL
|b BRACUL
|c GEN
|d 2010-11-04
|g 240.00
|l 25
|m 135
|o 346.5403 GAN
|p 3010012573
|q 2025-10-08
|r 2024-11-04
|s 2024-11-04
|t 3
|w 2010-11-04
|y BK
|